Größte Gemeinden Kärntens - Statistiken

Allgemein
  • Dieses Quiz wurde 124 mal gespielt
  • Das Durchschnittsergebnis liegt bei 20 aus 50
Antwortstatistiken
Einwohner BZ Gemeinde % Korrekt
100.817 K Klagenfurt am Wörthersee
100%
62.243 VI Villach
100%
24.998 WO Wolfsberg
97%
14.307 FE Feldkirchen in Kärnten
96%
15.365 SP Spittal an der Drau
96%
10.889 VK Völkermarkt
95%
12.557 SV St. Veit an der Glan
94%
6.889 HE Hermagor-Pressegger See
83%
9.922 WO St. Andrä
72%
8.926 VL Velden am Wörther See
71%
7.053 VL Arnoldstein
56%
2.810 KL Pörtschach am Wörther See
56%
7.105 KL Ferlach
54%
4.924 SV Friesach
53%
9.050 VL Finkenstein am Faaker See
50%
5.788 SP Radenthein
46%
4.077 VK Bleiburg
45%
3.359 HE Kötschach-Mauthen
45%
3.457 SP Millstatt am See
45%
6.456 SP Seeboden am Millstätter See
41%
4.678 SV Althofen
40%
3.418 KL Krumpendorf am Wörthersee
37%
3.846 KL Maria Saal
36%
8.005 KL Ebenthal in Kärnten
35%
2.900 WO Lavamünd
33%
4.377 WO Bad St. Leonhard im Lavanttal
32%
4.452 VK St. Kanzian am Klopeiner See
31%
3.271 WO St. Paul im Lavanttal
29%
3.444 VK Griffen
28%
4.455 VL Treffen am Ossiacher See
28%
5.808 VL Paternion
27%
3.609 SV St. Georgen am Längsee
27%
4.235 VL St. Jakob im Rosental
27%
3.730 FK Steindorf am Ossiacher See
26%
2.566 WO Frantschach-St. Gertraud
21%
2.918 KL Grafenstein
21%
5.874 VK Eberndorf
18%
5.579 VL Wernberg
18%
2.574 HE Kirchbach
15%
3.025 KL Köttmannsdorf
15%
3.344 SV Liebenfels
14%
2.590 KL Maria Rain
14%
4.476 KL Moosburg
14%
2.725 SV Brückl
12%
2.949 VK Weißenstein
10%
2.644 SP Lurnfeld
9%
3.477 KL Magdalensberg
9%
3.215 KL Poggersdorf
9%
2.667 KL Schiefling am Wörthersee
9%
3.566 SV Frauenstein
8%
Keine übereinstimmenden Quizze gefunden
Verteilung der Resultate
Anzahl Personen mit jedem Resultat
Perzentil nach korrekt beantworteten Fragen
Ihre Resultats-Entwicklung
Sie haben dieses Quiz noch nicht gespielt